Association of Caribbean States - Statistics

General Stats
  • This quiz has been taken 14 times
    13 since last reset
  • The average score is 27 of 33
Answer Stats
Member % Correct
Bahamas
100%
Barbados
100%
Cuba
100%
Dominican Republic
100%
Grenada
100%
Haiti
100%
Jamaica
100%
Saint Kitts and Nevis
100%
Saint Lucia
100%
Saint Vincent and the Grenadines
100%
Antigua and Barbuda
91%
Belize
91%
Colombia
91%
Costa Rica
91%
Dominica
91%
Guatemala
91%
Guyana
91%
Honduras
91%
Mexico
91%
Nicaragua
91%
Panama
91%
Suriname
91%
Trinidad and Tobago
91%
Venezuela
91%
El Salvador
82%
Aruba
64%
France
64%
Netherlands
64%
Curaçao
45%
British Virgin Islands
36%
Saint Martin
27%
Sint Maarten
27%
Saint Barthélemy
18%
No matching quizzes found
Score Distribution
Percent of People with Each Score
Percentile by Number Answered
Your Score History
You have not taken this quiz since the last reset